000 00984nam a22003371c 4500
001 a987663491
008 090406s2006 gw |||| 000u rus d
041 _arus
100 1 _aRovinskij, Dmitrij A.
_914494
245 0 0 _aMaterialy dlja russkoj ikonografii
264 _aMoskva :
_bKodis,
_c2006
300 _a1 CD-ROM
336 _aText
_btxt
_2rdacontent
337 _aComputermedien
_bc
_2rdamedia
338 _aComputerdisk
_bcd
_2rdacarrier
500 _aSonderstandort, wenden Sie sich bitte an das Bibliothekspersonal.
650 0 _aIkonographie
_914495
650 0 _aKunst
650 0 _aKarikatur
_99366
650 0 _aÖffentlichkeit
_93556
650 0 _aPresse
650 0 _aLubok
_914496
650 0 _aGravur
_914497
650 0 _aPropganda
_914498
650 0 _a
942 _cVM
040 _cRU-10907106
003 RU-10907106
999 _c19890
_d19890
490 0 _aElektronnyj zapasnik Gosudarstvennoj publičnoj istoričeskoj biblioteki Rossii
520 _aEnth. 12 Lieferungen